Govt. of
Madhya Pradesh

मनु, कनु आैर मौसी व अन्‍य कहानियॉं (Record no. 56671)

MARC details
000 -LEADER
fixed length control field 00541nam a22001457a 4500
003 - CONTROL NUMBER IDENTIFIER
control field MACL
005 - DATE AND TIME OF LATEST TRANSACTION
control field 20170630142127.0
008 - FIXED-LENGTH DATA ELEMENTS--GENERAL INFORMATION
fixed length control field 170630b xxu||||| |||| 00| 0 eng d
040 ## - CATALOGING SOURCE
Transcribing agency MACL
100 ## - MAIN ENTRY--PERSONAL NAME
Personal name अनिता 'सुरभि'
9 (RLIN) 67941
245 ## - TITLE STATEMENT
Title मनु, कनु आैर मौसी व अन्‍य कहानियॉं
260 ## - PUBLICATION, DISTRIBUTION, ETC. (IMPRINT)
Place of publication, distribution, etc. नई दिल्‍ली
Name of publisher, distributor, etc. प्रगतिशील प्रकाशन
Date of publication, distribution, etc. 2012
650 ## - SUBJECT ADDED ENTRY--TOPICAL TERM
Topical term or geographic name as entry element चिल्‍ड्रन ब्‍ुाक
9 (RLIN) 67942
942 ## - ADDED ENTRY ELEMENTS (KOHA)
Source of classification or shelving scheme
Koha item type Hindi Books
Holdings
Withdrawn status Lost status Source of classification or shelving scheme Damaged status Not for loan Home library Current library Date acquired Cost, normal purchase price Total Checkouts Full call number Barcode Date last seen Price effective from Koha item type
          MACL MACL 30/06/2017 175.00   741.642 CRH030648 30/06/2017 30/06/2017 Hindi Books